| 000 | 00721nam a2200265 i 4500 | ||
|---|---|---|---|
| 001 | bg | ||
| 100 | 1 | _aWOELFEL, Charles J. | |
| 245 | 1 | 0 |
_aEncyclopedia of banking and finance / _cCharles J. Woelfel. |
| 250 | _a10th ed. | ||
| 260 |
_aChicago ; Cambridge : _bProbus, _ccop. 1994. |
||
| 300 |
_aXXVII, 1217 s. : _brys., wykr. ; _c29 cm. |
||
| 490 | 1 | _aA Bankline Publication | |
| 504 | _aBibliogr., summ. przy rozdz. | ||
| 650 | 9 | _aBankowość | |
| 650 | 9 | _aFinanse | |
| 655 | _aEncyklopedie | ||
| 830 | _aA Bankline Publication | ||
| 020 | _a1557383960 | ||
| 040 | _cBPK | ||
| 041 | 0 |
_aen _ben |
|
| 080 | _a336(03) | ||
| 920 | _a1-55738-396-0 | ||
| 942 | _cKS | ||
| 008 | s pl f |000 0 pol | ||
| 999 |
_c32748 _d32748 |
||
| 856 |
_uhttp://koha.tu.koszalin.pl/cgi-bin/koha/opac-detail.pl?biblionumber=32748 _yKatalog online BPK |
||